000 00398nam a2200169Ia 4500
001 19576
003 IN-NITTTR
005 20251114233225.0
008 251113s9999||||xx |||||||||||||| ||eng||
040 _beng
040 _cIN-NITTTR
041 _aeng
082 _a891.432 A81R H
100 _aAsthana, Shyam Mohan
245 0 _aRavan tere roop anek. /
_cAsthana, Shyam Mohan
942 _2ddc
_cBK
999 _c22210
_d22210